00429nam a2200157 a 450000500170000000800410001705000170005810000190007524500940009426000410018844000060022965000090023565000090024465000090025365000090026220140414131925.0101027s19uu xx 00 eng d aERbW55 1975 aAardema, Verna aWhy mosquitoes buzz in people's ears. /cVerna Aardema; pictures by Leo and Diane Dillon. aNew York :bPied Piper book,c1975. a  a x  a x  a x  a x